Villes du monde par emojis #3 - Cliquez - Statistiques

Statistiques générales
  • Ce quiz a été pris 767 fois
  • Le résultat moyen est 12 sur 15
Statistiques - réponses
Hint Réponse % Correct
🎬🌆🇺🇸 Los Angeles
95%
🏯🐉🧧 Pékin
95%
⛱️🇪🇸⚽️ Barcelone
93%
🌷🚲🚤 Amsterdam
86%
🇮🇸🌋🧊 Reykjavik
84%
🎭🚤🇮🇹 Venise
84%
🇵🇪🦙⛪️ Lima
83%
🇵🇹🚋🏰 Lisbonne
83%
🌺🏝️🌊 Honolulu
82%
Ⓜ️🚕⚓️ Marseille
79%
🏰🍝🏟️ Milan
79%
🐻🗼🇩🇪 Berlin
76%
🌋⛵️🇳🇿 Auckland
73%
⛪️💰🧀 Zürich
70%
🇿🇦🐧🏝️ Le Cap
69%
Aucun quiz correspondant
Distribution des résultats
% des personnes avec chaque résultat
Percentile par nombre de réponses
Votre historique - résultats
Vous n’avez pas pris ce quiz